000 01291nam a2200325 a 4500
001 BRCA_8568
005 20190320210331.0
008 180816s1620----sp-#######---#000-0#lat-#
041 _alat
044 _asp
050 4 _aK623
_b.M45
_c1620
100 1 _aPelaez a Meres, Melchiore
_921456
245 1 0 _aTractvs maioratvvm et miolatiovm hispaniae tomus secvndvs
_cMelchiore Pelaez a Meres.
260 _aMatriti
_bExcudebat ludovicus sanctius typographus regius, cuisdem & ioannis de bonilla bibliopola sumptibus
_c1620
300 _aT.II, 313 p.
_c30 cm
500 _aFondo antiguo
500 _aSe encuentra en Caja Fuerte
500 _aCO-16-93
500 _aTomo segundo parte tercera y cuarta
500 _aCon dedicatoria al ad illvstrissimv D.D. Ionnnem Beltran de Gueuara Archiepiscorum compostellarunm, Regia Maiestati a Consilys, ieusqe primarium capellanum
500 _aEn portada: cvm privilegio
500 _aLibro impreso a dos columnas
500 _aIncluye índice alfabético
500 _aNota de encuadernación: en piel pergamino
506 0 _aFondo reservado: para su consulta es necesario credencial de usuario y carta de motivos
650 1 4 _aDerecho civil
_eHistoria
_921457
650 1 4 _aLeyes
_zEspaña
_921458
902 _aLAR
942 _2lcc
_cB
999 _c8231
_d8231